[Event "Niedersachsen-ch U18"]
[Site "Rotenburg/Wuemme"]
[Date "2005.03.20"]
[Round "2"]
[White "Schiborr, Mark"]
[Black "Nuesken, Nikolas"]
[Result "0-1"]
[WhiteElo "1715"]
[BlackElo "2237"]
[PlyCount "54"]
[EventDate "2005.03.19"]
[EventType "swiss"]
[EventRounds "9"]
[EventCountry "GER"]
[SourceTitle "EXT 2007"]
[Source "ChessBase"]
[SourceDate "2006.11.23"]
[SourceVersion "1"]
[SourceVersionDate "2006.11.23"]
[SourceQuality "1"]

1. d4 Nf6 2. c4 c5 3. dxc5 Na6 4. Nf3 Nxc5 5. Nbd2 g6 6. b3 Bg7 7. Bb2 0-0 8. e3 d6 9. Be2 b6 10. 0-0 Bb7 11. Qc2 Rc8 12. Rac1 Rc7 13. Qb1 Qa8 14. Qa1 Rd8 15. Rfd1 a6 16. Ne1 Rdc8 17. Bf3 b5 18. cxb5 axb5 19. Bxb7 Rxb7 20. Rc2 Ra7 21. Rdc1 Rxa2 22. Qxa2 Qxa2 23. Bxf6 Qa5 24. Bxg7 Kxg7 25. Ne4 Qb4 26. Nxc5 Rxc5 27. Nd3 Rxc2 0-1

[Event "Niedersachsen-ch U18"]
[Site "Rotenburg/Wuemme"]
[Date "2005.03.20"]
[Round "3"]
[White "Wolters, Rene"]
[Black "Schiborr, Mark"]
[Result "0-1"]
[WhiteElo "1529"]
[BlackElo "1715"]
[PlyCount "108"]
[EventDate "2005.03.19"]
[EventType "swiss"]
[EventRounds "9"]
[EventCountry "GER"]
[SourceTitle "EXT 2007"]
[Source "ChessBase"]
[SourceDate "2006.11.23"]
[SourceVersion "1"]
[SourceVersionDate "2006.11.23"]
[SourceQuality "1"]

1. e4 d5 2. exd5 Qxd5 3. Nc3 Qa5 4. Bc4 c6 5. d4 Bf5 6. Nge2 e6 7. Ng3 Bg6 8. Bf4 Nf6 9. 0-0 Nbd7 10. a3 Nd5 11. Nxd5 cxd5 12. b4 Qb6 13. Bb3 Be7 14. Rc1 0-0 15. Re1 Bf6 16. c4 dxc4 17. Rxc4 Rfc8 18. Rxc8+ Rxc8 19. d5 e5 20. Be3 Qd6 21. Qd2 Be7 22. f4 exf4 23. Bxf4 Qb6+ 24. Kh1 Bf6 25. Rc1 Rxc1+ 26. Qxc1 Qf2 27. Be3 Qb2 28. Qxb2 Bxb2 29. a4 Kf8 30. Bxa7 Ke7 31. Be3 Kd6 32. Kg1 Ba3 33. Bf4+ Ne5 34. b5 Bc5+ 35. Kf1 Bd3+ 36. Ke1 f6 37. Nh5 g5 38. Bg3 f5 39. Kd2 Bb4+ 40. Kd1 f4 41. Be1 Bxe1 42. Kxe1 Be4 43. h4 h6 44. hxg5 hxg5 45. Kf1 Ng4 46. a5 Bd3+ 47. Kg1 Bxb5 48. Ng7 Nf6 49. Nf5+ Ke5 50. Ne7 Bd3 51. Kf2 Be4 52. g3 Ng4+ 53. Kg1 f3 54. Kf1 Bd3+ 0-1